Sports Quiz

Random Sports or NBA Quiz

NBA Players Who Made Over $100 Million Quiz Stats

Quiz not verified by Sporcle

Challenge
Share
Tweet
Embed
Score 0/47 Timer 08:00
1 Play Today
Career Salary Player % Correct
$196,190,615Kobe Bryant
97.4%
$292,198,327Shaquille O'Neal
93.1%
$159,215,640Jermaine O'Neal
91.7%
$270,115,354Kevin Garnett
86.7%
$183,544,536Tim Duncan
82%
$137,362,539Paul Pierce
79.7%
$107,346,058Steve Nash
78.4%
$154,494,445Allen Iverson
77.9%
$168,037,360Ray Allen
76.9%
$141,342,603Dirk Nowitzki
75.2%
$161,626,097Tracy McGrady
74.5%
$174,464,468Jason Kidd
73.1%
$134,093,315Vince Carter
72%
$104,000,000Karl Malone
69.1%
$150,113,452Juwan Howard
68.6%
$116,500,123David Robinson
64.4%
$109,192,430Scottie Pippen
63.3%
$156,758,400Rasheed Wallace
62.7%
$178,230,697Chris Webber
62.2%
$101,311,748Reggie Miller
61.5%
$119,943,120Patrick Ewing
57.8%
$104,367,619Gary Payton
54.9%
$107,000,000Hakeem Olajuwon
53.3%
$100,637,492Gilbert Arenas
52.2%
Career Salary Player % Correct
$134,379,650Grant Hill
50.3%
$151,115,945Stephon Marbury
49.5%
$117,744,496Rashard Lewis
48.8%
$102,438,250Jalen Rose
48%
$143,906,333Alonzo Mourning
46%
$124,717,193Antawn Jamison
45.8%
$117,590,802Baron Davis
44.8%
$126,118,550Elton Brand
44.6%
$108,142,015Antoine Walker
43.8%
$107,502,663Shawn Marion
42.6%
$103,501,131Steve Francis
42.4%
$120,469,142Anfernee Hardaway
40.7%
$117,556,500Allan Houston
39%
$105,741,440Mike Bibby
36%
$143,666,581Dikembe Mutombo
34.6%
$101,254,222Eddie Jones
34%
$100,682,819Michael Redd
32.6%
$108,284,447Kenyon Martin
30.9%
$138,576,839Michael Finley
29.4%
$107,797,072Marcus Camby
27.8%
$124,487,723Zydrunas Ilgauskas
15.9%
$113,998,859Antonio McDyess
15.8%
$102,351,958Theo Ratliff
6.9%

You're not logged in!

Compare scores with friends on all Sporcle quizzes.
Join for Free
OR
Log In

You Might Also Like...

Show Comments

Extras

Top Quizzes Today


Score Distribution

Your Account Isn't Verified!

In order to create a playlist on Sporcle, you need to verify the email address you used during registration. Go to your Sporcle Settings to finish the process.

Report this User

Report this user for behavior that violates our Community Guidelines.

Details: